Wymień wszystkie stacje metra z piosenki Taco-"następna stacja" - Statystyki

Ogólne statystyki
  • Ten quiz został rozwiązany 250 razy
  • Średni wynik to 14 z 27
Statystyki odpowiedzi
Linia metra nazwa stacji % Poprawnych
M1 młociny
87%
M1 stare bielany
79%
M1 wawrzyszew
78%
M1 słodowiec
76%
M1 świętokrzyska
76%
M1 plac wilsona
75%
M1 dworzec gdański
74%
M1 ratusz arsenał
70%
M1 marymont
61%
M1 centrum
59%
M1 kabaty
56%
M1 pole mokotowskie
54%
M1 politechnika
51%
M1 ursynów
51%
M1 wilanowska
44%
M1 służew
39%
M2 stadion narodowy
39%
M1 wierzbno
39%
M2 rondo onz
37%
M1 imielin
36%
M2 rondo daszyńskiego
35%
M1 stokłosy
34%
M2 dworzec wileński
33%
M2 centrum nauki kopernik
31%
M1 natolin
30%
M2 uniwersytet
26%
M1 metro racławicka
24%
Nie znaleziono quizów pasujących do podanych kryteriów
Rozkład punktacji
Procent ludzi z każdym wynikiem
Percentyl według liczby udzielonych odpowiedzi
Twoja historia wyników
Nie rozwiązałeś tego quizu